000 01663pam a2200481 a 4500
001 39281
005 20230410101629.0
008 910905s1992 gaub b s001 0 eng
010 _a 91034105
035 _a(OCoLC)ocm24501702
040 _aDLC
_cDLC
_dUKM
_dNLGGC
_dBTCTA
_dYDXCP
_dBAKER
015 _aGB93-67978
020 _a0820314226 (alk. paper)
020 _a9780820314228 (alk. paper)
020 _a0820314234 (pbk. : alk. paper)
020 _a9780820314235 (pbk. : alk. paper)
029 1 _aUKM
_bb9367978
029 1 _aNLGGC
_b10748398X
029 1 _aYDXCP
_b767045
035 _a(OCoLC)24501702
043 _an-us---
_anwht---
050 1 4 _a110 E 183.8
_bP735h 1992
100 1 _aPlummer, Brenda Gayle.
245 1 0 _aHaiti and the United States :
_bthe psychological moment /
_cBrenda Gayle Plummer.
260 _aAthens :
_bUniversity of Georgia Press,
_cc1992.
300 _a303 p. :
_bmap ;
_c24 cm.
440 4 _aThe United States and the Americas
504 _aIncludes bibliographical references (p. 287-294) and index.
651 0 _aUnited States
_xRelations
_zHaiti.
651 0 _aHaiti
_xRelations
_zUnited States.
651 0 _aHaiti
_xHistory.
653 0 _aCulture
_aInternational cooperation
653 0 _aHaiti
653 0 _aUnited States
650 4 _aCEH
650 4 _aColección Estudios Haitianos
938 _aBaker and Taylor
_bBTCP
_n91034105
938 _aYBP Library Services
_bYANK
_n767045
938 _aBaker & Taylor
_bBKTY
_c18.50
_d13.88
_i0820314226
_n0002045750
_sactive
938 _aBaker & Taylor
_bBKTY
_c22.00
_d22.00
_i0820314234
_n0002045751
_sactive
942 _2lcc
_cbk
994 _aC0
_bDRFGD
999 _c11248
_d11248